00548cam a22001692 4500001001100000005001700011008004100028020001700069040001500086050002700101100003100128245007900159250001200238260004100250300001700291651007000308000000345220151217151925.0070507s xx 000 0 eng d a0865971437 : aKABUcKABU 0aKF4558b.14th.B47 19971 aBerger, Raoul.@000015339310aGovernment by judiciary amenment. :bthe transformation of the fourteenth. a2nd ed. aIndianapolis :bLiberty Fund,c1997. axxiv, 555 p. 0aUnited StatesxConstitutional lawxAmendementsy14th.@0000153394